000 00629 a2200205 4500
001 61962
005 20260407155912.0
008 260407a1984 arg spa d
003 AR-UNSa-BCEJYS
040 _aAR-UNSa-BCEJYS
_bspa
_cAR-UNSa-BCEJYS
080 _a351.9
_xSupervisión y control de la administración pública
245 1 0 _aControl judicial de la administración pública
020 _a978-950-14-0219-3
264 1 _aBuenos Aires :
_bEdiciones Depalma
_c1984
300 _a2 v. (561 ; 444 p.)
_c23 cm.
041 _aspa
942 _cBK
590 _aniveau_biblio:m niveau_hierar:0
100 1 _aMairal, Héctor A.
999 _c7502
_d7502